South Eastern Kenya University

Library Online Public Access Catalogue


The Bedford introduction to literature / (Record no. 12496)

MARC details
000 -LEADER
fixed length control field 00448nam a2200157 a 4500
020 ## - ISBN
International Standard Book Number 0312065469
050 00 - LIBRARY OF CONGRESS CALL NUMBER
Classification Number PN 6014
Item Number .B 396 1993
100 ## - MAIN ENTRY--Author
Personal name Meyer, Michael
245 04 - TITLE
Title The Bedford introduction to literature /
Statement of responsibility, etc Michael Meyer [editor].
250 ## - EDITIONSTATEMENT
Edition statement 3rd ed.
260 ## - PUBLICATION, DISTRIBUTION, ETC.(IMPRINT)
Place of publication, distribution, etc Boston :
Name of publisher, distributor, etc Bedford Books of St. Martin's Press,
Date of publication, distribution, etc c1993.
300 ## - PHYSICAL DESCRIPTION
Extent xxxvi, 2122 p. ;
500 ## - GENERALNOTE
General note Includes indexes.
650 #0 - SUBJECT--TOPIC
General subdivision Collections.
942 ## - ADDED ENTRY ELEMENTS(KOHA)
Source of classification or shelving scheme Library of Congress Classification
Koha item type General circulation
Holdings
Source of classification or shelving scheme Not for loan Location (home branch) Sublocation (holding branch) Shelving location Date accessioned Full call number Barcode Koha item type
Library of Congress Classification   Main Campus Library Main Campus Library   07/04/2016 PN 6014 .B 396 1993 2016/015720 General circulation
Kitui, Kenya.
+254736116989
library@seku.ac.ke